Microeconomics / (Record no. 14289)

000 -LEADER
fixed length control field 00480pam a22001814a 4500
020 ## - INTERNATIONAL STANDARD BOOK NUMBER
ISBN 0071180664
020 ## - INTERNATIONAL STANDARD BOOK NUMBER
ISBN 0072314907
040 ## - CATALOGING SOURCE
Transcribing agency DLC
082 00 - DEWEY DECIMAL CLASSIFICATION NUMBER
Classification number 338 HIL 2001 A065 Or.
100 1# - MAIN ENTRY--AUTHOR NAME
Personal name Samuelson, Paul A.
245 10 - TITLE STATEMENT
Title Microeconomics /
250 ## - EDITION STATEMENT
Edition statement 17th ed. ; International ed.
260 ## - PUBLICATION, DISTRIBUTION, ETC. (IMPRINT)
Place of publication Boston:
Name of publisher McGraw-Hill Irwin,
Year of publication c2001.
300 ## - PHYSICAL DESCRIPTION
Number of Pages xxii, 454 p. :
Other physical details ill. (some col.) ;
Dimensions 26 cm.
650 #0 - SUBJECT ADDED ENTRY--TOPICAL TERM
Topical Term Microeconomics.
700 1# - ADDED ENTRY--PERSONAL NAME
Personal name Nordhaus, William D.
942 ## - ADDED ENTRY ELEMENTS (KOHA)
Koha item type សៀវភៅភាសាអង់គ្លេស
952 ## - LOCATION AND ITEM INFORMATION (KOHA)
Withdrawn status [LOCAL, KOHA] 0
Holdings
Permanent Location Date acquired Koha item type Lost status Shelving location Barcode Current Location Full call number
Library Block A2017-10-11សៀវភៅភាសាអង់គ្លេស A065A21545Library Block A338 HIL 2001 A065 Or.
មជ្ឈមណ្ឌលឯការនៃសាកលវិទ្យាល័យភូមិន្ទកសិកម្មចំការដូង

Powered by Koha